000 00556nam a2200169 4500
999 _c4102
_d4102
008 160824b xxu||||| |||| 00| 0 eng d
022 _a2094-8042
082 _aDPer 370.105 M72 Jan-Dec 2012 v. 60-61
100 _913631
_aBolipata, Alfonso Corpus
243 _aThe modern teacher
245 _aMusic as language:
_ban informance/
_cAlfonso Corpus Bolipata.
260 _aPhilippines:
_bIn the Grade School, Inc.,
_c©2012.
300 _av60 n9, pages 373-374;
_c28 cm.
500 _aThe Modern Teacher
650 0 _913635
_aMusic
942 _2ddc
_cPER